000 00564nam a2200229Ia 4500
003 GCL
008 140319s9999 xx 000 0 eng d
040 _aGCL /
_cGCL
082 0 4 _aCH
_b843
_bL C
100 1 _aLVOI, PAUL D'
245 1 0 _aLES CINQ SOUS DE LAVAREDE /
_cLVOI, PAUL D'
700 1 _aLAVERDET, MARCEL
700 1 _aBOTTET, BEATRICE
260 _a[S.N] :
_bHEMMA
300 _a153 P
650 0 4 _aCHILDREN
650 0 4 _aFICTION
650 0 4 _aFRENCH FICTION
650 0 4 _aFRENCH LITERATURE
650 0 4 _aCHILDREN - FICTION
942 _2ddc
_cBK
999 _c14621
_d14621